000
00215nam a2200097Ia 4500
008
240331s9999 xx 000 0 und d
082
_b
MOB
100
_a
Roberts, J, L, . ed
245
0
_a
Moby Dick :
_b
notes
942
_c
L
999
_c
3204
_d
3204